[Event "Czerniak Memorial 13th"]
[Site "Tel Aviv"]
[Date "1997.??.??"]
[Round "2"]
[White "Avrukh, Boris"]
[Black "Krayz, Alexander"]
[Result "1/2-1/2"]
[WhiteElo "2520"]
[BlackElo "2375"]
[Annotator "Avrukh,B"]
[PlyCount "90"]
[EventDate "1997.04.04"]
[EventType "tourn"]
[EventRounds "11"]
[EventCountry "ISR"]
[EventCategory "10"]
[SourceTitle "CBM 059"]
[Source "ChessBase"]
[SourceDate "1997.08.01"]
[SourceVersion "1"]
[SourceVersionDate "1997.08.01"]
[SourceQuality "1"]

1. d4 Nf6 2. c4 e6 3. Nf3 b6 4. e3 Bb7 5. Bd3 Be7 6. O-O O-O 7. Nc3 d5 8. cxd5
(8. b3) 8... exd5 9. b3 Nbd7 10. Bb2 Ne4 11. Qc2 (11. Ne2 {/\ Rc1;Ng3} c5 (
11... Bd6 12. Ng3 Qf6 $6 (12... f5 $1 13. Ne5 Qe7 $13) 13. Rc1 {[%cal Gd3b5]}
a6 14. Qc2 Nxg3 (14... Rfe8 $142 15. Bxe4 $5 dxe4 16. Nd2 {/\ Nc4+/=}) 15. hxg3
$14 (15. Bxh7+ Kh8 16. fxg3 $5 Qh6 17. Bd3 Qxe3+ 18. Kh1 $13) 15... Qh6 $2 (
15... g6 $6 16. e4 $1 dxe4 17. Bxe4 Bxe4 18. Qxe4 $16 {X /^a1-h8}) (15... h6
16. Bf5 Qe7 $14) 16. g4 $1 Rfe8 17. g3 $1 $16 {[%cal Gg1g2,Gf1h1] 1-0 Malaniuk,
V-Danielsen,H/Espergarde PC 1992 (21)}) 12. Ng3 Nxg3 13. hxg3 Nf6 14. Ne5 Ne4
15. Qg4 $6 Qc8 16. Qe2 Qe6 17. Rad1 Bd6 18. Bb1 a5 $15 {1-0 Zhukova,
N-Tetenkina,I/WchJW-U16 Szeged 1994 (44)}) (11. Rc1 Ndf6 12. Ne2 Bd6 13. Ne5 c5
14. f3 Ng5 15. Ng3 cxd4 16. exd4 g6 17. Qd2 Ne6 18. Qh6 Rc8 19. Rxc8 Qxc8 20.
Nf5 $1 $40 {1-0 Kurajica,B-Karpov,A/Tilburg 1994 (40)}) 11... f5 (11... Ndf6
12. Ne5 c5 13. dxc5 Bxc5 14. Nxe4 dxe4 15. Be2 Rc8 16. Qd1 Qxd1 17. Rfxd1 Rfd8
18. Rxd8+ Rxd8 19. Rd1 Rxd1+ 20. Bxd1 {1/2-1/2 Psakhis,L-Tukmakov,V/URS-ch51
Lvov 1984}) (11... Nxc3 12. Bxc3 (12. Bxh7+ $2 Kh8 13. Bxc3 g6 14. Bxg6 fxg6
15. Qxg6 Bf6 $1 {and white hasn't enough compensation.} (15... Qe8 $2 16. Qh6+
Kg8 17. Ng5 Bxg5 18. Qxg5+ Kh8 19. Qh4+ Kg7 20. Qg3+ Kh8 21. Qxc7 $16) 16. Ne5
Nxe5 17. dxe5 Bg7) 12... Nf6 13. Rac1 $14) 12. Ne2 {[%csl Ge5,Ge6]} Bd6 13.
Rac1 $146 (13. Ne5 g6 (13... Bxe5 14. dxe5 Ndc5 15. Ba3 Nxd3 (15... Rf7 16.
Bxc5 $16) 16. Bxf8 Ndxf2 17. Ba3 (17. Bxg7 Qg5 $1 (17... Kxg7 $2 18. Nd4 Kh8
19. Rxf2 Nxf2 20. Qxf2 Qe7 21. Qf4 Re8 22. e6 c5 23. Qe5+ Qg7 24. Qxg7+ Kxg7
25. Nxf5+ Kf6 26. Rf1 $16) 18. Qxc7 Qxe3 $17) 17... Ng4 18. Rf3 c5 19. h3 Nh6
$44) 14. f3 Nec5 15. dxc5 Bxe5 16. Bxe5 Nxe5 17. b4 Qe7 18. Rac1 Rfe8 19. Nd4
bxc5 20. bxc5 Nc6 21. Rfe1 Nxd4 22. exd4 Qf6 23. Qf2 Ba6 24. Bxa6 {1/2-1/2 De
Greiff,B-Pietzsch,W/Havana Cap mem 1962}) 13... Rc8 (13... c5 14. Ne5 Qe7 (
14... Bxe5 15. dxe5 {[%cal Gf2f3]} g6 16. e6 Ndf6 17. b4 $1 $16) 15. Nxd7 (15.
f3 Nef6 (15... Rac8) 16. Nxd7 Qxe3+ 17. Kh1 Nxd7 18. Bxf5 Qh6 19. h3 Rf7 $11)
15... Qxd7 16. dxc5 (16. f3 Rac8 (16... Ng5 $5 17. h4 Ne4 $1) 17. Qd1 Ng5 18.
Qd2 $11) 16... bxc5 17. f3 $14) (13... Qe7 14. Ne5 Nxe5 (14... c5 $142 {
see13...c5}) 15. dxe5 Bc5 16. b4 Bxb4 17. Qxc7 Rf7 18. Qxe7 Rxe7 19. Rfd1 {
gives white a very pleasant ending.}) 14. Ne5 Bxe5 (14... c5 $1 15. Nxd7 (15.
Qb1 $2 Nd2) 15... Qxd7 16. dxc5 bxc5 (16... Rxc5 17. Qd1 $16 {[%csl Gd4,Gd5,
Gf5]}) 17. f3 Ng5 18. Ng3 (18. h4 Ne4 $1 19. fxe4 fxe4 20. Bxe4 dxe4 $11) 18...
Bxg3 (18... f4 $2 19. Bf5 $16) 19. hxg3 Qe6 20. Rfe1 Qd6 $1 21. Kh2 Qh6+ 22.
Kg1 Qd6 $11) 15. dxe5 Ndc5 16. Nd4 $6 (16. Nf4 $142 Nxd3 (16... Qe8 17. Be2 $1)
17. Qxd3 Qe8 (17... Nc5 18. Qc2 Qe8 19. Ba3 Qxe5 20. Bxc5 bxc5 21. Qxc5 $16 {
[%csl Ga7,Gc7,Gd4,Gd5]}) 18. Rfd1 c6 19. e6 $1 $36) 16... Nxd3 (16... Qe8 17.
Be2 $1 {[%cal Gf2f3]} Qxe5 (17... Ne6 18. Nc6 (18. f3 Nxd4 19. exd4 Ng5 20. Bd3
g6 21. b4 c6 $11 {[%cal Gg5e6]}) 18... Bxc6 (18... a6 19. b4) 19. Qxc6 Qxc6 20.
Rxc6 $16 {[%csl Gb2,Ge2]}) 18. b4 Nd7 19. Nb5 Qe7 20. Nxa7 Ra8 21. Nc6 $16) 17.
Qxd3 Qe8 $1 (17... Qe7 18. Nc6 Qd7 19. e6 $1 (19. Nxa7 Ra8) 19... Qxe6 20. Nxa7
Ra8 21. Rxc7 Rf7 22. Nb5 $16) 18. f3 Nc5 19. Qc3 Ne6 (19... Qxe5 20. Ba3 Rfe8 (
20... f4 21. Rfe1 (21. exf4 Rxf4 22. Rcd1 $44) 21... Rfe8 22. exf4 Qxf4 23.
Bxc5 bxc5 24. Qxc5 Rxe1+ 25. Rxe1 Qd2) 21. Bxc5 bxc5 22. Qxc5 Qxe3+ 23. Kh1 $44
) 20. Nc6 Nd8 $5 (20... Bxc6 21. Qxc6 Qxc6 22. Rxc6 Nd8 (22... Rfe8 23. Rd1
Rcd8 (23... Nd8 $2 24. Rc2 c6 25. Rxd5 $18) 24. b4 $16) (22... Kf7 23. Rfc1
$142 (23. e4 dxe4 24. fxe4 f4) (23. Rd1 Nd8 24. e6+ (24. Rc2 Ke6) 24... Ke8 25.
e7 Kxe7 26. Ba3+ Ke8 27. Bxf8 (27. Rc2 c5 28. Rxd5 Nc6 29. Rcd2 Rd8 30. Rxd8+
Nxd8 $11) 27... Nxc6 28. Bxg7 Kf7 29. Bc3 Ke6 $11)) 23. Rc2 c6 (23... Kf7 24.
e4 dxe4 25. fxe4 Ke6 26. Rf4 $1 {[%cal Gc2f2,Gg2g4]} (26. Rd2 Nc6 27. exf5+
Rxf5 28. Rxf5 Kxf5 29. Rd7 Rd8 $11) (26. exf5+ Rxf5 27. Rxf5 Kxf5 28. Rf2+ Ke6
29. Rf8 Kd7 $11 {[%cal Gd8e6]}) 26... g5 27. Rxf5 Rxf5 28. exf5+ Kxf5 29. Rf2+
$16) 24. b4 Ne6 25. Rd1 $14 {[%cal Gb4b5] and white is a little better.}) (
20... Nc5 21. Na5 $1 (21. e6 Nxe6 22. Rfd1 {-game.}) 21... Ba6 (21... Ba8 22.
Ba3) 22. Rfd1 d4 (22... Nd3 23. Rxd3 Bxd3 24. e6 Rf6 25. Qxd3 $18) 23. exd4 (
23. Qxd4 $2 Ne6) 23... Nd3 24. Rxd3 Bxd3 25. Qxd3 bxa5 26. d5 $16) 21. e6 $5 {
[%cal Gb2g7]} (21. Nxd8 Qxd8 22. e6 Qe7 $15 {[%cal Gf8f6,Gf6e6]}) (21. Nxa7 $2
Ra8 22. Qxc7 Rxa7) 21... Nxe6 22. Rfd1 Bxc6 23. Qxc6 d4 $1 (23... Rd8 24. Be5
Qxc6 25. Rxc6 Rfe8 26. Kf2 (26. Bxc7 Rc8 27. Rdc1 d4 $1) 26... Re7 27. b4 $44)
24. Ba3 $6 (24. exd4 Nf4 (24... Qxc6 $6 25. Rxc6 $14) 25. Qc4+ (25. Re1 Qxc6
26. Rxc6 Nd3 $11) 25... Kh8 26. Re1 Qg6 27. g3 c6 $1 $11 {[%cal Gf4d5]}) (24.
Bxd4 Nxd4 25. exd4 Rf7 $11) 24... Rf7 (24... Qxc6 $140 25. Rxc6 Rfe8 26. exd4 {
with advantage.}) 25. exd4 Nf4 26. Qxe8+ (26. Re1 $2 Ne2+ 27. Kf2 Qxc6 28. Rxc6
Nxd4 $17) 26... Rxe8 27. Re1 Rxe1+ 28. Rxe1 Rd7 29. g3 (29. Bb2 $2 Nd3 30. Re2
Nxb2 31. Rxb2 Rxd4) 29... Nd5 (29... Nd3 $2 30. Re8+ Kf7 31. Re3 Rxd4 32. Re7+
Kf6 33. Rxc7 $16) 30. Re5 (30. Re2) 30... g6 31. Re8+ Kf7 32. Rh8 (32. Re2)
32... Kg7 33. Ra8 (33. Re8 $2 Nc3) (33. Rc8 $5 Nc3 $140 34. Bd6 $1 {with draw.}
) 33... a5 34. Bb2 $2 {Gives black to improve position of his king,which makes
white's position very difficult.} (34. Rc8 $142 {and white must to hold
position for account of active pieces.}) 34... Kf7 {[%cal Gf7e6,Ge6d6,Gd6c6,
Gc6b5,Gc6b7]} 35. Rh8 (35. Kf2 $2 Nb4 $19) 35... Ke6 36. Re8+ Kd6 37. Kf2 Kc6 {
[%csl Gb3][%cal Gc6b5,Ga5a4]} (37... Nb4 $140 $2 38. Ba3 $11) 38. a4 Re7 {
[%csl Gb3][%cal Ge7e3,Ge3b3]} 39. Rxe7 (39. Rd8 Rd7 $1 (39... Nb4 40. Bc3 Nd3+
41. Kf1 Nc1 42. b4 axb4 (42... Na2 43. b5+ $11) 43. Bxb4 Rd7 44. Rxd7 Kxd7 45.
a5 bxa5 46. Bxa5 $11) (39... Re3 40. Rxd5 Rxb3 41. Rb5 Rxb5 42. axb5+ Kxb5 43.
d5 $1) 40. Re8 Kb7 {[%cal Gc7c6,Gb6b5]} 41. Rh8 (41. Ke2 Re7+ $17) (41. Re5 Nb4
) 41... Re7 (41... c6 42. Re8 b5 43. Re5 {and white hold position.}) 42. Ba3 (
42. Rd8 Nb4 $17) 42... Re3 43. Rxh7 Rxb3 44. Bf8 Rb2+ 45. Kg1 Ra2 46. Rg7 Rxa4
47. Rxg6 b5 (47... Rxd4 48. h4 a4 49. h5 c5 {also win.}) 48. Re6 b4 {and black
wins.}) 39... Nxe7 40. Ke3 Kd5 41. Bc3 Nc6 42. g4 fxg4 43. fxg4 Nd8 44. h4 Ne6
45. Bb2 Nd8 {1/2 Suddenly , after a good game in winning position Alex offered
a draw.After the game he said, that he couldn't find the winning plan in this
endgame.The plan , of course - to prepare advance c7-c5 at the right moment ,
because now it doesn't work} (45... c5 46. dxc5 Nxc5 {in view of} 47. Bd4 Kc6 (
47... Nxb3 48. Bxb6 Kc4 $2 49. Kf4) 48. Bxc5 Kxc5 49. Kd3 $11) ({The right way
was} 45... c6 46. Bc3 h6 $1 (46... h5 47. gxh5 gxh5 48. Bb2 b5 49. axb5 cxb5
50. Bc3 a4 51. bxa4 bxa4 52. Bb2 {and black cannot win because of weakness on
h5.}) 47. Bb2 (47. h5 gxh5 48. gxh5 Ng7 $19) (47. Kd3 Nf4+) 47... b5 48. Bc3 (
48. b4 axb4 49. a5 Nc7 $19) (48. axb5 cxb5 49. Bc3 a4 {and black wins easily.})
48... b4 49. Bb2 h5 (49... c5 $2 50. dxc5 Nxc5 51. h5 $1 {[%csl Gh6]} gxh5 52.
gxh5 Nxb3 53. Bg7 Nc5 54. Bxh6 Nxa4 55. Bg7 $11) 50. gxh5 gxh5 51. Ba1 c5 $19)
1/2-1/2

[Event "RUS-ch m3-4"]
[Site "Elista"]
[Date "1997.05.21"]
[Round "1.3"]
[White "Rustemov, Alexander"]
[Black "Kiriakov, Petr"]
[Result "1/2-1/2"]
[WhiteElo "2550"]
[BlackElo "2530"]
[Annotator "Avrukh,B"]
[PlyCount "138"]
[EventDate "1997.04.19"]
[EventType "k.o."]
[EventRounds "6"]
[EventCountry "RUS"]
[SourceTitle "CBM 059"]
[Source "ChessBase"]
[SourceDate "1997.08.01"]
[SourceVersion "1"]
[SourceVersionDate "1997.08.01"]
[SourceQuality "1"]

1. d4 e6 2. c4 Nf6 3. Nf3 d5 4. Nc3 Nbd7 5. e3 Be7 6. b3 O-O 7. Bd3 b6 8. O-O
Bb7 9. Bb2 c5 10. cxd5 exd5 (10... Nxd5 $142 11. Nxd5 Bxd5 12. Rc1 Rc8 13. Qe2
Bf6 14. Rfd1 cxd4 15. Nxd4 Rxc1 16. Rxc1 Qa8 17. f3 {1/2-1/2 Kharitonov Andrei
Y-Mitenkov Alexey/Ch Russia, Elista (Russia) 1995}) (10... cxd4 11. Nxd4 Nxd5
12. Nxd5 Bxd5 13. Rc1 Rc8 14. Qe2 Rxc1 15. Rxc1 Nc5 16. Bb5 $1 a6 17. Bxa6 Bxg2
18. Kxg2 Qa8+ 19. Qf3 Qxa6 20. Nc6 $16 {1-0 Sokolov Andrei-Pikula Dejan/Biel
1996 (41)}) 11. Rc1 (11. Qe2 Re8 12. Rfd1 Bd6 13. Rac1 Rc8 14. Bb5 a6 $2 15.
Bxa6 Bxa6 16. Qxa6 c4 17. Qb5 $18 {1-0 Polgar,Z-La Orden,J/Oviedo 1993 (32)})
11... Re8 12. Qc2 $5 $146 (12. Ne2 Ne4 13. Ng3 Rc8 14. Qe2 Nxg3 15. hxg3 Bf6
16. Bf5 Rc6 17. Rfd1 $14 {1/2-1/2 Yusupov,A-Huebner,R/SKA-Mephisto München
1992 (25)}) (12. Ne5 cxd4 13. exd4 a6 14. Ne2 Rc8 15. Rxc8 Qxc8 16. Ng3 Bf8 17.
f4 b5 18. Qf3 Qd8 19. Bf5 Nb6 20. Nh5 $36 {1/2-1/2 Malaniuk,V-Mitenkov,A/
Katowice op 1992 (40)}) (12. Qe2 {[%cal Gd3a6,Gf1d1] also interesting
possibility.}) 12... Bf8 (12... Bd6 $142 {[%csl Ge5][%cal Gd8e7,Ga8d8]}) 13.
Rfd1 a6 $6 (13... Rc8 14. Bf5 g6 15. Bh3 $5 {[%cal Gf3e5]} (15. Bxd7 $5 Qxd7 (
15... Nxd7 16. dxc5 Nxc5 17. Qb1 $16 {[%csl Gd4,Gd5]}) 16. dxc5 bxc5 (16...
Rxc5 17. Ba3 $1 Rxc3 18. Qxc3 Bxa3 19. Qxf6 Bxc1 20. Rxc1 $16) (16... Bxc5 17.
Qb1) 17. Nxd5 $1 Nxd5 18. e4 {and black has a lot of problems with a1-h8
-diagonal;f.e.} Bh6 19. Ra1 Qe6 20. exd5 Bxd5 21. Qc3 f6 22. Rxd5 $1 Qxd5 23.
Qxf6 {with decisive attack.})) (13... g6 14. dxc5 bxc5 15. Bb5 {also
unpleasant for black.}) (13... Qe7 $142 14. Ne5 $36) 14. Bf5 cxd4 (14... Rc8 {
with idea 15...Rc7.} 15. Ne5 (15. dxc5 bxc5 16. Ne2 Rc7 17. Nf4 Bd6) 15... g6 (
15... cxd4 16. Nxd7 dxc3 (16... Nxd7 17. Bxh7+ Kh8 18. Rxd4 $16) 17. Nxf6+ Qxf6
18. Bxc8 cxb2 19. Bxb7 bxc1=Q 20. Qxc1 $16 {[%csl Gd5]}) 16. Bxd7 Nxd7 17. Nxd7
Qxd7 18. dxc5 bxc5 19. Nxd5 $1 Bxd5 20. Qc3 f6 21. Qxf6 $18) 15. Nxd4 {[%csl
Gd5]} (15. Rxd4 $5) 15... Nc5 (15... Rc8 16. Qb1) 16. Nce2 Bd6 17. Nf3 (17. Bh3
$5 {[%cal Gd4f5]} Nce4 (17... Qc7 $2 18. b4 (18. Ng3) 18... Bxh2+ 19. Kf1 (19.
Kh1 $2 Nce4) 19... Ne6 20. Qxc7 Nxc7 21. g3 $18) 18. g3 $14 (18. Nf5 $6 Rc8 {
[%csl Gh3][%cal Ge4g5]})) 17... Nce4 18. Ng3 (18. Nf4 $5 Bxf4 (18... Qe7 19.
Nd4) 19. exf4 Bc8 20. Bxf6 (20. Bxe4 Nxe4 21. Qc6 Be6 $11) 20... Nxf6 21. Ne5
Bxf5 22. Qxf5 $14 {[%csl Gb6,Gc6,Gd5]}) 18... Nxg3 19. hxg3 h6 20. Qc3 (20. Nd4
Be5 21. Ne2 Bxb2 (21... Bd6 22. Nf4) 22. Qxb2 Qd6 23. Qd4 {and white has a
solid advantage.}) 20... Qe7 21. Nd4 (21. g4 $6 Rad8 22. g5 $140 hxg5 23. Nxg5
d4 $1 24. exd4 (24. Qxd4 $142 Bh2+ 25. Kxh2 Rxd4 26. Bxd4 Nd5 $15) 24... Nd5
25. Qh3 Qxg5 26. Qh7+ Kf8 27. Qh8+ Ke7 28. Re1+ Kf6 29. Rxe8 Rxe8 30. Qxe8 Qxf5
$17) (21. Qd4 b5 (21... Bc5 22. Qh4 Ne4 23. Ne5 Qxh4 24. gxh4 Rad8 25. Bxe4
dxe4 26. Nd7 Be7 27. h5 {with advantage.}) 22. Qh4 (22. e4 dxe4 23. Qxd6 exf3)
22... Ne4 23. Nd4) (21. Nh2 $5 {[%cal Gh2g4]} Qf8 (21... h5 22. Nf3 Rad8 23.
Qd4 {[%csl Gh5][%cal Gd4h4]}) (21... Be5 $2 22. Qxe5 Qxe5 23. Bxe5 Rxe5 24. Rc7
$16) 22. Ng4 Nxg4 23. Bxg4 Be5 24. Qd2 Bxb2 25. Qxb2 $16 {[%csl Gb6,Gd5]})
21... Be5 22. Qc2 g6 23. Bd3 (23. Bh3 $1 {[%cal Gd4c6]} Rad8 (23... Qd6 24. f4
$1 Bxd4 25. Bxd4 $16 {[%cal Gc2c7]}) (23... Nd7 24. Bxd7 Qxd7 25. Ne2 Rac8 26.
Qd2 $16) 24. Nc6 Bxc6 25. Bxe5 Qxe5 26. Qxc6 Rd6 (26... Ne4 27. Bd7 $16 (27.
Qxb6 Qb2 28. Rf1 Nd2 29. Rfe1 Ne4 $11)) 27. Qc3 $1 Qe7 28. Qc7 Qe5 29. Rc6 $16)
23... Rac8 24. Qe2 b5 25. Nf3 $6 {missing the last opportjnity to get
advantage.} (25. a4 $1 bxa4 26. bxa4 {[%csl Ga6]} Qd6 27. Rb1 $14) 25... Bxb2
26. Qxb2 h5 (26... Ne4) 27. Qd4 Ne4 {[%cal Gb5b4,Ge4c3]} 28. b4 Nd6 {[%csl Gb4]
[%cal Gd6c4]} 29. g4 (29. a3 Nc4 30. Rc3 {[%cal Gd4f4,Gf3d4]} a5 $1 31. bxa5
Ra8 32. Qf4 Rxa5 33. Nd4 Rxa3 34. Nxb5 (34. Rxa3 Qxa3 35. Qc7 (35. Nxb5 $2 Qb3)
35... Ba8 36. Qd7 Rb8 $17) 34... Rxc3 35. Nxc3 Nb2 36. Rd2 Nxd3 37. Rxd3 Qc5
$11) 29... hxg4 30. Qxg4 Rxc1 (30... Nc4 31. Rb1 $14) 31. Rxc1 Nc4 (31... Ne4 {
threating 32...Nf2} 32. Qh4 (32. Qf4 Qxb4 33. Ng5 Re7) 32... Qd6 (32... Qxb4 $2
33. Ng5 $18) 33. a3 $14) 32. Qg5 (32. Bxg6 fxg6 33. Qxg6+ Kh8 (33... Kf8 34.
Ng5 Qc7 $8 35. Rd1 Re7 36. Ne6+ Rxe6 37. Qxe6 $16) 34. Ng5 Rf8 35. Qh6+ (35.
Rd1 Ne5) 35... Kg8 36. Qg6+ Kh8 $11 (36... Qg7 $2 37. Qxg7+ (37. Qe6+ Kh8 38.
Qh3+ $11) 37... Kxg7 38. Ne6+ Kf7 39. Nxf8 Kxf8 40. f3 {and white must win.}))
32... Qxg5 33. Nxg5 a5 $11 34. bxa5 (34. Rb1 axb4 (34... Ra8 {see 35 Rb1}) 35.
Rxb4 Bc6 36. Nf3 Ra8 37. Nd4 Bd7 38. Nxb5 Rxa2 39. Nc3 Ra1+ 40. Kh2 Ne5 $11)
34... Ra8 35. Nf3 (35. Rb1 Rxa5 36. a4 Bc6 37. axb5 Rxb5 $11) 35... Rxa5 36.
Rc2 (36. Bb1 b4 37. Nd4 Kf8 $11) 36... Ra3 (36... Kf8 37. Nd4 Ke7 $11) 37. Be2
Bc8 $138 {[%cal Gc8f5]} (37... b4 38. Nd4 (38. Bxc4 dxc4 39. Rxc4 Rxa2 40. Rxb4
Bxf3 41. gxf3 $11) 38... Rc3 39. Bxc4 dxc4 40. Rb2) (37... Kf8 38. Nd4 Ra5 {
was more accurate.}) 38. Nd4 Ra5 (38... Bd7 $142 39. Bf3 Nb6 {also hold
equality.}) 39. Kf1 (39. Nc6 $142 Bf5 (39... Ra8 $2 40. Bf3 {winning d5-pawn.})
40. Ne7+ Kg7 41. Nxf5+ gxf5 42. Kf1 Kf6 43. g3 Ra3 $11) (39. Bf3 Bb7 40. Nb3
Ra3 41. Nc5 Bc6) 39... Kf8 40. Ke1 (40. Bf3 Bb7) 40... Bb7 41. Kd1 (41. Bxc4 $1
dxc4 (41... bxc4 42. Rb2 Ba6 43. Kd2 Ra3 44. Ne2 Ke7 45. Nc3 $14) 42. Rb2 Bxg2
43. f3 Bh3 44. Nxb5 $11) 41... Ke7 42. Kc1 (42. Bxc4 dxc4 43. Rb2 {wasn't late
yet.}) 42... Kd6 43. g3 Bc8 44. Bd3 Bd7 45. Re2 Ne5 $1 (45... Ra3 $143 46. Bb1
b4 47. Re1 Ba4 {[%cal Ga3c3]} 48. Ne2) (45... Ra8 $143 46. e4 (46. Bxc4 $2 dxc4
47. Rd2 Kc5 $17) 46... Rh8 47. Kc2 $11) 46. Bb1 Ra8 {[%cal Ga8h8,Gh8h1]} 47.
Rb2 Rb8 {now white has no useful moves.} 48. Rb4 Rc8+ 49. Kd2 Kc5 50. Rb3 Nc4+
51. Ke2 Rh8 $17 52. Nc2 (52. Bc2 Bg4+ $1 (52... Rh1 $140 53. Rb1) 53. Kd3 b4
54. Rb1 Rh2 $17) 52... Bg4+ (52... Rh1) 53. Kd3 Rh1 54. Nd4 b4 55. Bc2 Ra1 56.
Bb1 Bd1 57. f4 Na3 58. Kd2 Nxb1+ 59. Kxd1 Nc3+ 60. Kc2 Rxa2+ 61. Kd3 Ne4 62.
Nc2 Nf2+ 63. Kd2 f5 (63... Ne4+ 64. Kd3 Ra4 {winning the second pawn.}) 64. Rb1
(64. Kc1 Kc4 $1 65. Rxb4+ Kc3 $19) 64... Ne4+ (64... Ng4 65. Kd3) 65. Kd3 Nxg3
(65... Ra4 66. Rc1 (66. Nd4 Ra3+ 67. Nb3+ Kd6 68. Kd4 (68. Kc2 Ra2+ $19) 68...
Nc3 69. Rb2 Rxb3 $1 70. Rxb3 Ne2+ 71. Kd3 Nc1+ $19) 66... b3 67. Nd4+ Rc4 68.
Ra1 (68. Nxb3+ Kb4 69. Rb1 Rc3+ $19) 68... Rc3+ 69. Ke2 Nxg3+ $19) 66. Nxb4
Ra3+ 67. Kc2 (67. Kd2 Ne4+ 68. Kc2 Rc3+ 69. Kd1 Rxe3 $19) 67... Rxe3 $2 (67...
Kc4 $1 68. Nc6 Rxe3 69. Ne5+ Kd4 70. Rb4+ Kc5 71. Ra4 Re4 72. Ra5+ Kd4 73. Nxg6
Nf1 $19) 68. Nd3+ Kc6 69. Ne5+ Kd6 (69... Kc5 70. Nd3+) (69... Kd6 70. Rb6+ (
70. Nxg6 $2 d4 {[%cal Gd6d5,Gd5e4]} 71. Rb8 (71. Ne5 Kd5 72. Nd3 Re2+) (71. Rb5
Ne4 72. Ne5 Rc3+ 73. Kd1 d3 {and black wins.}) 71... Kd5 72. Rd8+ Ke4 73. Re8+
Kf3 74. Rd8 Ne2 $19) (70. Ra1 $5) 70... Kc5 71. Ra6 $1 (71. Rxg6 $2 {gives
black to activate his king.} Kd4 $1 72. Nc6+ Ke4 73. Nb4 d4 74. Re6+ Kxf4 (
74... Kf3) 75. Nd5+ Kf3 {and black wins.}) 71... Ne2 (71... Kd4 72. Ra4+) (
71... d4 72. Ra5+ Kb4 73. Rd5 $11) 72. Nxg6 Re6 73. Rxe6 Nd4+ 74. Kd3 Nxe6 75.
Nh4 $11 {]}) 1/2-1/2

[Event "Lazne Bohdanec"]
[Site "Lazne Bohdanec"]
[Date "1997.??.??"]
[Round "5"]
[White "Tibensky, Robert"]
[Black "Stocek, Jiri"]
[Result "1/2-1/2"]
[WhiteElo "2485"]
[BlackElo "2450"]
[Annotator "Avrukh,B"]
[PlyCount "51"]
[EventDate "1997.01.??"]
[EventType "tourn"]
[EventRounds "11"]
[EventCountry "CZE"]
[EventCategory "9"]
[SourceTitle "CBM 057"]
[Source "ChessBase"]
[SourceDate "1997.04.01"]
[SourceVersion "1"]
[SourceVersionDate "1997.04.01"]
[SourceQuality "1"]

1. d4 Nf6 2. Nf3 e6 3. c4 Bb4+ 4. Nbd2 b6 5. e3 O-O 6. Bd3 Bb7 7. O-O c5 8. a3
Bxd2 9. Bxd2 d6 10. b4 (10. dxc5 $5 bxc5 11. Qc2 Nbd7 12. Bc3 a5 13. Rad1 h6
14. Nd2 Qe7 15. f4 $14 {Dreev-Shipov 1993}) (10. Qe2 $6 Ne4 11. Be1 f5) 10...
Nbd7 11. Bc3 (11. a4 $6 e5 $15 {Peshina-Kharitonov 1984}) 11... Qc7 (11... Re8
12. Nd2 Rc8 13. Rc1 Rc7 14. Re1 Nf8 15. a4 $5 $14 {Khalifman-Romanishin 1996
Ishia}) (11... Qe7 12. Nd2 Rfc8 13. Rc1 (13. dxc5 dxc5 14. Qc2 Rd8 15. Rfd1 Nf8
16. Nf1 Ne8 17. Ng3 Rd7 {Kharitonov-Balashov 1995}) 13... a6 14. Qe2 d5 15.
dxc5 bxc5 16. Rfd1 cxb4 17. axb4 dxc4 18. Nxc4 $16 {Miles-Sunye Neto 1994}) 12.
Rc1 (12. Bb2 Rfe8 13. Be2 e5 14. Rc1 cxd4 $6 15. exd4 Nh5 16. c5 $1 bxc5 17.
bxc5 dxc5 18. dxc5 Nf4 19. Bc4 Qc6 20. Qb3 $16 {Dreev-Epishin Tilburg 1994})
12... Rfe8 (12... Rad8 13. Nd2 Rfe8 14. Bb1 Bc6 15. Re1 Qb7 $2 16. d5 exd5 17.
b5 $18 {Elvest-Kharitonov 1984}) 13. Nd2 (13. Nh4 $6 Rad8 14. f4 $6 Be4 $15 {
Sherwin-T.Petrosian 1984}) 13... e5 $1 {N} (13... Rac8 14. f3 (14. Qe2 $5)
14... d5 15. Qe2 e5 16. dxc5 bxc5 17. cxd5 cxb4 18. Bb2 Qa5 19. Nc4 $16 {
Mikhalchishin-van der Werf 1992}) 14. bxc5 (14. d5 $2 cxb4 $1 15. axb4 a5 $15)
(14. Bf5 exd4 15. exd4 a6 $5 16. d5 b5 $132) (14. Qc2 exd4 (14... a6 $5) 15.
exd4 a6 $13) 14... exd4 $1 (14... dxc5 15. d5 $14) (14... bxc5 15. d5 Rab8 16.
Rb1 $14) 15. exd4 (15. cxd6 $4 Qc6 $19) 15... dxc5 (15... bxc5 16. d5 Re7 $13)
16. d5 b5 17. Bxf6 (17. Nb3 bxc4 18. Bxc4 Ne4 19. Ba1 Rad8 $10) (17. cxb5 Nxd5
18. Qh5 g6 19. Qh6 Nxc3 20. Rxc3 Ne5 $15) 17... Nxf6 18. cxb5 (18. Nb3 bxc4 19.
Rxc4 (19. Bxc4 Rad8 $17) 19... Bxd5 20. Rxc5 Qe7 $15) 18... Nxd5 $6 (18... Rad8
$1 19. Qc2 Rxd5 {with good atacking chances for black /^a8-h1;/^b8h2.} 20. Rfd1
Rg5 21. g3 Rge5 $15) 19. Re1 (19. Qc2 $2 Nf4 $17) 19... Nf4 (19... Rxe1+ $6 20.
Qxe1 Nf4 21. Bf1 $14 {with Qe3 idea.}) 20. Bf1 (20. Be4 Rad8 21. Qc2 Bxe4 22.
Nxe4 Nd3 $2 (22... Qb7 $1 $15 {with idea 23...f5}) 23. Nf6+) 20... Qd6 (20...
Red8 $6 21. Qc2 $14 {with next Ne4}) 21. Rc3 (21. Rxe8+ Rxe8 22. Nb3 Qg6 23.
Qd7 Rb8 24. Qc7 Nh3+ 25. Kh1 Nxf2+ 26. Kg1 Nh3+ $10) (21. Qc2 Rxe1 22. Rxe1 Ne6
$10) 21... Red8 (21... Rad8 {it looks,like after this move black's pressure is
very unpleasant.But...} 22. Rxe8+ Rxe8 23. Re3 Rd8 (23... Rxe3 24. fxe3 $10)
24. Qe1 $1 Ne6 $10) 22. Qc2 (22. Qc1 $142 $1 {White misplaced his Queen,
because on c1 Q defend rook on e1, and at the same time after Ne6-d4 Q will
place on the right field.} Rac8 23. Ne4 Bxe4 24. Rxe4 Nd5 25. Rc2 $14) 22... h6
$2 (22... Qxd2 $2 23. Re8+ $18) (22... Re8 $1 23. Rxe8+ (23. Rc1 $2 Ne2+ $17) (
23. Ree3 $10) 23... Rxe8 24. Nc4 (24. Re3 Rxe3 25. fxe3 Nd5 $10) 24... Qd4 (
24... Qe7 25. Re3 Ne6 26. a4 $14) 25. Re3 Be4 {With idea 26..Qe3} (25... Rd8
26. Re7 (26. Na5 $1 Bd5 (26... Ba8 $2 27. Nb3 $16) 27. Nc6 Bxc6 28. bxc6 Qd6
29. Qe4 Ne6 30. Bc4 $14) 26... Bxg2 $3 27. Bxg2 Qa1+ 28. Bf1 Nh3+ 29. Kg2 Nf4+
$10) 26. Qa4 Nd5 27. Re1 Nc3 28. Qxa7 Nxb5 29. Qb6 Nc3 30. Nd6 Rf8 $10) 23. Ne4
(23. Nb3 $142 {And theris no clear way to defend pawn on c5, for example} Qd5
24. Rxc5 Nh3+ 25. Kh1 Nxf2+ 26. Qxf2 Qxb3 27. Bc4 $18) (23. Rxc5 $2 Ne6 $17)
23... Qe7 $2 (23... Bxe4 $142 24. Qxe4 $14) 24. Qb1 $2 (24. Rxc5 Ne6 25. Rc3
Nd4 26. Qb1 $16) (24. Qc1 $1 {Black cannot to defend on c5 ,after this,
white's position is winning.}) 24... Rac8 25. Qc1 (25. Nxc5 Qg5 $8 26. Qa1 $1 {
A fantastic move, which very difficult to see during the game.} (26. Nxb7 Rxc3
27. Nxd8 Nh3+ 28. Kh1 Nxf2+ 29. Kg1 Nh3+ $10) (26. Qb2 $2 Rd2) 26... Rxc5 27.
Rg3 Kf8 (27... Bxg2 28. h4 (28. Bxg2 $2 Ne2+ $3 $19) 28... Qxg3 29. fxg3 Bxf1
30. Rxf1 $16) 28. Rxg5 Nh3+ $1 29. Kh1 (29. gxh3 Rxg5+ 30. Bg2 Rxg2+ 31. Kf1
Rxh2 $36) 29... Nxf2+ 30. Kg1 Nh3+ 31. gxh3 Rxg5+ 32. Kf2 Rf5+ 33. Kg3 Rg5+ 34.
Kf4 $16) 25... Ne6 26. Bc4 (26. Bc4 Bd5 $10) 1/2-1/2